000 00750 a2200181 4500
003 Nust
005 20230721121414.0
040 _cNust
082 _a621.381,DUG
100 _aDugger William
_9101376
245 _aBasic electronics systems technology /
_cWilliam Dugger , Dale Patrick, Alan Suess & James Ziegler
260 _aCalif., Bruce
_bBeverly Hills
_c1973
300 _a217 p
_billus
_c24 cm
505 _aAudio Components (Page-1), Semiconductor Theory (Page-25), Vacuum Tube Theory (Page-59), Oscillators (Page-85), Power Supplies (Page-122), Integrated Circuits (Page-176), Solid state Controls (Page-200).
600 _aDugger William
_9101376
650 _aBasic electronics systems technology
_9103075
942 _2ddc
_cBK
_k621.381,DUG
999 _c181231
_d181231